GROUPS - Harry Potter and the Chamber of Secrets - Statistics

General Stats
  • This quiz has been taken 295 times
    183 since last reset
  • The average score is 28 of 36
Answer Stats
Hint Answer % Correct
Weasley Family Fred
100%
Weasley Family George
100%
Weasley Family Ginny
99%
Weasley Family Ron
99%
Weasley Family Molly
96%
Hogwarts Founders Helga Hufflepuff
95%
Weasley Family Percy
95%
Weasley Family Arthur
94%
Hogwarts Founders Rowena Ravenclaw
94%
Hogwarts Founders Salazar Slytherin
94%
Hogwarts Founders Godric Gryffindor
93%
Weasley Family Bill
91%
Weasley Family Charlie
88%
Who got petrified? Hermione Granger
88%
Polyjuiced Into Who Gregory Goyle
85%
Polyjuiced Into Who Vincent Crabbe
84%
Classes Defence Against the Dark Arts
83%
Teachers Gilderoy Lockhart
83%
Teachers Minerva McGonagall
80%
Polyjuiced Into Who Cat
79%
Who got petrified? Colin Creevey
78%
Creatures Basilisk
77%
Classes Transfiguration
71%
Creatures Aragog
68%
Who got petrified? Mrs. Norris
66%
Teachers Pomona Sprout
63%
Classes Herbology
62%
Things Dobby did to warn Harry? Dropping cake
60%
Who got petrified? Nearly Headless Nick
58%
Things Dobby did to warn Harry? Blocking Platform 9 3/4
57%
Things Dobby did to warn Harry? Intercepting mail
57%
Things Dobby did to warn Harry? Rogue bludger
53%
Who got petrified? Justin Finch-Fletchley
52%
Creatures Dobby
50%
Creatures Fawkes
43%
Creatures Cornish pixies
21%
No matching quizzes found
Score Distribution
Percent of People with Each Score
Percentile by Number Answered
Your Score History
You have not taken this quiz since the last reset